000
00208nam a2200085Ia 4500
008
230915s9999 xx 000 0 und d
050
_a
S535 .F68 2005 V.1
245
0
_a
FOUNDATION AGRICULTURE BK 1
942
_c
BK
999
_c
201520
_d
201520